Billy the Kid's Old Timey Oddities Volume 1 /

From the Eisner award-winning creator of The Goon comes an over-the-bigtop horror romp pitting outlaw legend Billy the Kid and a band of circus "freaks" against the evil machinations of the nefarious Dr. Frankenstein! Penned with deranged glee by Powell and illustrated by fan-favorite h...

Full description

Bibliographic Details
Corporate Author: Library Pass, LLC
Other Authors: Powell, Eric (writer.)
Format: eBook
Language:English
Published: [United States] : Dark Horse, 2016.
Subjects:
Online Access:Connect to this electronic book (First time users create your free account)

MARC

Tag First Indicator Second Indicator Subfields
LEADER 00000nmm a22000001a 4500
001 in00004613521
006 m|||||o||m||||||||
007 cr|cn |||uuuuu
008 221118s2016 xxu||||do|||| ||||||eng d
005 20221207214401.2
035 |a (TxWaIVM)IV69969DaBi 
040 |a TxWaIVM  |c TxWaIVM 
245 0 0 |a Billy the Kid's Old Timey Oddities Volume 1 /  |c powered by Library Pass. 
260 3 |a [United States] :  |b Dark Horse,  |c 2016. 
300 |a 1 online resource. 
336 |a text  |b txt  |2 rdacontent 
337 |a computer  |b c  |2 rdamedia 
338 |a online resource  |b cr  |2 rdacarrier 
520 |a From the Eisner award-winning creator of The Goon comes an over-the-bigtop horror romp pitting outlaw legend Billy the Kid and a band of circus "freaks" against the evil machinations of the nefarious Dr. Frankenstein! Penned with deranged glee by Powell and illustrated by fan-favorite horror artist Kyle Hotz (The Agency andThe Hood), Billy The Kid's Old Timey Oddities starts with Billy the Kid free to roam America, having faked his own death. Free, that is, until Fineas Spoule, AKA. The Human Spider, discovers his secret. Now, afraid of being exposed, Billy finds himself in the service of a caravan of carnival sideshow performers who have unfinished business with a mad scientist none other than Victor Frankenstein himself! This twisted love child of spaghetti westerns and Hammer horror flicks combines Powell's humorous fast-paced storytelling and Hotz's quirky macabre visuals for a story that the whole family will love...if they're the kind of family that love alligator men and miniature boys fighting monstrous mistakes of science with the help of the fastest gunslinger in the West! Written by Eric Powell creator The Goon, recipient of the International Horror Guild Award and multiple Eisner Awards! 
521 |a 2 
538 |a Requires a valid library card and registration for new users. 
538 |a Mode of access: World Wide Web. 
538 |a System requirements: Flash 10.1 or higher, Windows XP and higher, Internet Explorer 7 and higher, Firefox 3.6 and higher, Google Chrome; Max OS 10.5 and higher, Safari 4 and higher. 
650 0 |a Comic books, strips, etc. 
655 7 |a Electronic books.  |2 local 
655 7 |a Comic books, strips, etc.  |2 gsafd 
650 0 |a Horror comic books, strips, etc. 
655 7 |a Horror comic books, strips, etc.  |2 gsafd 
650 0 |a Fantasy comic books, strips, etc. 
655 7 |a Fantasy comic books, strips, etc.  |2 gsafd 
650 0 |a Western comic books, strips, etc. 
655 7 |a Western comic books, strips, etc.  |2 gsafd 
700 1 |a Powell, Eric.  |e writer. 
700 1 |a Hotz , Kyle.  |e artist. 
700 1 |a Various, .  |e artist. 
710 2 |a Library Pass, LLC. 
856 4 0 |u http://proxy.library.tamu.edu/login?url=https://tamu.librarypass.com/product/com.iversecomics.dark.horse.billy.the.kids.oldtimey.oddities.volume.1.english.04142016  |z Connect to this electronic book (First time users create your free account)  |t 0 
955 |a Comics Plus. 
999 f f |s 030a4977-5aad-44ac-86b9-8511bd757f25  |i afa403aa-96fe-4797-bf6c-073a4d7b86a5  |t 0 
952 f f |a Texas A&M University  |b College Station  |c Electronic Resources  |d Available Online  |t 0  |h Library of Congress classification 
998 f f |t 0  |l Available Online